| 000 | 00459nam a2200169 i 4500 | ||
|---|---|---|---|
| 001 | 149454 | ||
| 003 | ES-MaACL | ||
| 005 | 20230906203118.0 | ||
| 007 | t| | ||
| 008 | 071022s1972 sp ||||1| spa d | ||
| 100 | 1 |
_aVazana. _9113345 |
|
| 245 | 1 | 0 |
_aOs digo mi silencio / _cVazana. |
| 260 |
_a[Toledo : _bs.n., _c1972] ( _fImp. Gómez Menor) |
||
| 300 |
_a69 p. ; _c22 cm. |
||
| 852 |
_aES-MaACL _jC-47962 _bR.83104 |
||
| 852 |
_aES-MaACL _jC-47961 _bR.83073 |
||
| 999 |
_c149454 _d149454 |
||